01003nam a2200265 i 450000100060000000300090000600500170001500700030003200800410003502000180007608000160009408000190011024501170012926000320024630000220027849000380030061000600033865100540039870000340045270000440048683000460053085200220057699900170059895201220061560088ES-MaACL20230906164144.0t|031103s1986 sp ||||1| spa d a84-309-1248-7 a355(46:100) a341.232.1 OTAN00aEspaña y la OTAN : btextos y documentos / cedición preparada por Celestino del Arenal y Francisco Aldecoa. aMadrid : bTecnos, c[1986] a492 p. ; c22 cm.1 aRelaciones exteriores de España24aOrganización del Tratado del Atlántico Norte.96065 4aEspaña-xPolítica exterior-y1982-1996.984261 aArenal, Celestino del.9225901 aAldecoa Luzárraga, Francisco.91748111 aRelaciones exteriores de España92305464 aES-MaACLjL-10064 c60088d60088 00104070aATENEOMbATENEOMcDEPO2d2008-01-17eSCl0oL-10064p1063019r2023-02-23 00:00:00w2023-02-23yMONOGRAFIA